Writing studies research in practice : methods and methodologies /

Bibliographic Details
Corporate Author: ebrary, Inc
Other Authors: Nickoson, Lee, 1967-, Sheridan, Mary P., 1966-
Format: eBook
Language:English
Published: Carbondale : Southern Illinois University Press, 2012.
Subjects:
Online Access:Connect to the full text of this electronic book

MARC

Tag First Indicator Second Indicator Subfields
LEADER 00000cam a2200000Ia 4500
001 in00002781610
006 m d
007 cr cn|||||||||
008 111228s2012 ilu ob s001 0 eng d
005 20250816203830.0
010 |z  2011052220 
020 |z 0809331144 (pbk. : alk. paper) 
020 |z 0809331152 (ebook) 
020 |z 9780809331147 (pbk. : alk. paper) 
020 |z 9780809331154 (ebook) 
035 |a (CaPaEBR)ebr10594427 
040 |a CaPaEBR  |c CaPaEBR  |d UtOrBLW 
050 1 4 |a PE1404  |b .W747 2012eb 
082 0 4 |a 808/.042072  |2 23 
245 0 0 |a Writing studies research in practice :  |b methods and methodologies /  |c edited by Lee Nickoson and Mary P. Sheridan, with a foreword by Gesa E. Kirsch. 
264 1 |a Carbondale :  |b Southern Illinois University Press,  |c 2012. 
300 |a 1 online resource (xvii, 289 pages) 
336 |a text  |b txt  |2 rdacontent 
337 |a computer  |b c  |2 rdamedia 
338 |a online resource  |b cr  |2 rdacarrier 
504 |a Includes bibliographical references and index. 
500 |a Electronic resource. 
650 0 |a English language  |x Rhetoric  |x Study and teaching. 
650 0 |a Report writing  |x Study and teaching. 
655 7 |a Electronic books.  |2 local 
700 1 |a Nickoson, Lee,  |d 1967- 
700 1 |a Sheridan, Mary P.,  |d 1966- 
710 2 |a ebrary, Inc. 
856 4 0 |u https://ebookcentral.proquest.com/lib/tamucs/detail.action?docID=1354656  |y Connect to the full text of this electronic book  |t 0 
980 |a 120925  |b 39.95  |c USD  |e 59.93  |f YBP_EBR0000043082  |g 1 
999 f f |s 58598206-fd21-3b67-bb12-c900370c7f34  |i 6068ed1d-88e1-3ed8-8cb7-9d906f9a6dd5  |t 0 
999 |a MARS 
952 f f |a Texas A&M University  |b College Station  |c Electronic Resources  |d Available Online  |t 0  |e PE1404 .W747 2012eb  |h Library of Congress classification 
998 f f |a PE1404 .W747 2012eb  |t 0  |l Available Online